| 000 | 00690nam a2200241Ia 4500 | ||
|---|---|---|---|
| 003 | OSt | ||
| 005 | 20220927105212.0 | ||
| 006 | a|||||r|||| 00| 0 | ||
| 007 | ta | ||
| 008 | 220926b |||||||| |||| 00| 0 eng d | ||
| 024 | _a159389 | ||
| 037 | _cReference Collections | ||
| 040 |
_aRTL _cRTL _beng |
||
| 041 |
_2eng _aeng |
||
| 082 | _a"W,32m2,N9, N2.6-4" | ||
| 110 |
_aINDIA _9352601 |
||
| 245 | 0 |
_aLok sabha debates _b Second session |
|
| 260 |
_aNew _bDelhi Lok Sabha Secretariat _c1991 |
||
| 500 | _aNo.4(530p); No.5(624p); No.6(432p); No.7(596p) | ||
| 700 |
_aINDIA _9352603 |
||
| 942 |
_h"W,32m2,N9, N2.6-4" _cCC |
||
| 999 |
_c691154 _d691154 |
||